000 00297nam a2200121Ia 4500
008 190722s9999 xx 000 0 und d
020 _a978-93-325-1907-7
100 _aSheldon Ross
245 2 _aA First Course in Probability
260 _aNew delhi
_bPearson
_c2016
300 _a455
942 _cBK
999 _c902
_d902